| 000 | 00384nam a2200121 4500 | ||
|---|---|---|---|
| 999 |
_c13754 _d13754 |
||
| 008 | 190403b ||||| |||| 00| 0 eng d | ||
| 100 |
_938229 _aDesiderio, Louella |
||
| 245 |
_aToyota offers easy to grab drivers vehicle ownership/ _cLouella Desiderio |
||
| 260 |
_aPhilippines: _bThe Philippine Star; _cc2018. |
||
| 300 | _apage B7. | ||
| 650 | 0 |
_938230 _aAutomobiles. |
|
| 942 |
_2ddc _cPER |
||